000 00700cam a2200217 a 4500
999 _c7858
_d7858
001 8747
003 AuCNLKIN
005 20171019143812.0
008 840309s1964 enk 0 eng d
015 _aGB6408728
_2bnb
020 _a000000000000
035 _a(OCoLC)224409
040 _aVLU
_beng
_cVLU
_dABN-SNR
_dNSL
082 0 4 _a914.3
_218
100 1 _aPowrie, P. J.
245 1 0 _aNorth-west Europe /
_cby P. J. Powrie and A. J. Mansfield ; with the assistance of K. E. Williams.
250 _a2nd ed. rev.
260 _aLondon ;
_aSydney :
_bG. G. Harrap,
_c[1964].
300 _a543 p. :
_bill. ;
_c21 cm.
500 _aBibliography: p. [528]-532.
651 0 _aEurope
_xDescription and travel.
700 1 _aMansfield, A. J.
_q(Anthony John)
942 _2ddc
_cCIRC